| 000 -LEADER |
| fixed length control field |
01181nam a22002177a 4500 |
| 005 - DATE AND TIME OF LATEST TRANSACTION |
| control field |
20240802153351.0 |
| 008 - FIXED-LENGTH DATA ELEMENTS--GENERAL INFORMATION |
| fixed length control field |
240802s2018 en ||||| |||| 00| 0 eng d |
| 020 ## - INTERNATIONAL STANDARD BOOK NUMBER |
| International Standard Book Number |
9781498796507, 9781138031661, 9781138031647, X |
| 041 ## - LANGUAGE CODE |
| Language code of text/sound track or separate title |
eng |
| 080 ## - UNIVERSAL DECIMAL CLASSIFICATION NUMBER |
| Universal Decimal Classification number |
617 B-18 |
| 245 ## - TITLE STATEMENT |
| Title |
Bailey & Love's short practice of surgery : |
| Remainder of title |
Volume one / |
| Statement of responsibility, etc. |
Norman S. Williams (Redaktor), P. Ronan O'Connell (Redaktor), A. W. McCaskie (Redaktor), |
| 250 ## - EDITION STATEMENT |
| Edition statement |
27th edition |
| 264 ## - PRODUCTION, PUBLICATION, DISTRIBUTION, MANUFACTURE, AND COPYRIGHT NOTICE |
| Place of production, publication, distribution, manufacture |
Boca Raton : |
| Name of producer, publisher, distributor, manufacturer |
CRC Press - Taylor & Francis Group, |
| Date of production, publication, distribution, manufacture, or copyright notice |
2018. |
| 300 ## - PHYSICAL DESCRIPTION |
| Extent |
XIX [1], 797 p.: |
| Other physical details |
ilustracje kolorowe ; |
| Dimensions |
28 cm. |
| 653 ## - INDEX TERM--UNCONTROLLED |
| keyword |
Bailey & Love is the world famous textbook of surgery. Its complete coverage includes the scientific basis of surgical practice, investigation, diagnosis, & pre-operative care. Its reputation for unambiguous advice makes it the first point of reference for students & practising surgeons worldwide. |
| 653 ## - INDEX TERM--UNCONTROLLED |
| keyword |
ქირურგია |
| 700 ## - ADDED ENTRY--PERSONAL NAME |
| Personal name |
Williams, Norman S |
| Relator term |
რედაქტორი |
| 9 (RLIN) |
22172 |
| 700 ## - ADDED ENTRY--PERSONAL NAME |
| Personal name |
Connell, P. Ronan O |
| Relator term |
რედაქტორი |
| 9 (RLIN) |
23059 |
| 700 ## - ADDED ENTRY--PERSONAL NAME |
| Personal name |
McCaskie, , A. W. |
| Relator term |
რედაქტორი |
| 9 (RLIN) |
23060 |
| 942 ## - ADDED ENTRY ELEMENTS (KOHA) |
| Source of classification or shelving scheme |
|
| Koha item type |
წიგნი |